| 000 | 01226nam0a2200289 4500 | ||
|---|---|---|---|
| 001 | RU\NLR\BIBL_A\012124960 | ||
| 005 | 20250623212415.0 | ||
| 035 | _a(NLR Aleph) 012124960 | ||
| 090 |
_a12013870 _c12013870 |
||
| 100 | _a20191021d1962 |||y0rusy50 ca | ||
| 101 | 0 | _arus | |
| 102 | _aRU | ||
| 105 | _aacb z 000zy | ||
| 200 | 1 |
_aПереносчики возбудителей природноочаговых болезней _fпод ред. чл.-кор. АМН СССР проф. П. А. Петрищевой |
|
| 210 |
_aМ. _cМедгиз _d1962 |
||
| 215 |
_a343 с., [1] л. портр. _cил., карт. _d27 |
||
| 320 | _aБиблиогр. в конце гл. | ||
| 606 | 1 |
_aНасекомые-переносчики болезней _jСборники _91181966 _3RU\NLR\AUTH\66475751 |
|
| 606 | 1 |
_aКлещи-переносчики болезней _jСборники _91483247 _3RU\NLR\AUTH\66633041 |
|
| 686 | 3 | _aР267.89я43 | |
| 686 | 3 | _aР267.82я43 | |
| 702 | 1 |
_aПетрищева _bП. А. _f1899-1973 _gПолина Андреевна _4340 |
|
| 852 |
_aNLR _j63-7/305 |
||
| 942 | _cBOOK | ||
| 980 | _aNB | ||